000 00918nam a2200265 i 4500
001 186941
003 SpMaBN
005 20230906222757.0
008 170303q1957 sp a |||| |dspa d
080 _a75(45)(091)
100 1 _aFrancastel, Galienne.
_952131
245 1 3 _aLa pintura italiana.
_nI,
_pDe Bizancio al Renacimiento /
_cpor Galienne Francastel ; traducción de Elisabeth Mulder.
246 3 0 _aDe Bizancio al Renacimiento
260 _aMadrid ;
_aBarcelona :
_bGarriga,
_c[ca. 1957]
300 _a167 p. :
_bil. col. ;
_c24 cm.
490 1 _aColección "Pictura" ;
_v2
500 _aÍndices.
504 _aBibliografía: p. 161-162.
599 _aCon lám. col. adheridas.
650 7 _aPintura italiana-
_vHistoria.
_9161960
700 1 _aMulder, Elisabeth.
_984098
830 0 _aColección "Pictura" ;
_v2
_9192706
852 _aES-MaACL
_jL-31184
_z- enc. tela
999 _c186941
_d186941